00522nam a2200121 a 450000100100000000500170001000800410002704000250006811101320009324500650022526000900029030000200038000002681120200930030427.0110325s1984 dr 000 0 spa d aDO-SdBNPbspacBNPHU1 aSeminario internacional, reclamaciones en la construcción situaciones y solucionesd(1984:cSanto Domingo :n23-25 noviembre)10aReclamaciones en la construcción situaciones y soluciones. a[Santo Domingo] :bColegio Dominicano de Ingenieros y Agrimensores (CODIA),c[1984?]. a65 p. ;c28 cm.